Islam : the practical religion
| Main Author: | |
|---|---|
| Format: | Book |
| Published: |
Kuala Lumpur :
A.S.Noordeen ,
1992
|
| Subjects: |
MARC
| LEADER | 00000cam a2200000 7i4500 | ||
|---|---|---|---|
| 001 | 0000004044 | ||
| 002 | 000004354 | ||
| 005 | 20161102.0 | ||
| 020 | |a 9679963519 | ||
| 090 | 0 | 0 | |a 297.2 |b ALA |
| 100 | 0 | |a Ala'eddin Kharofa |f Prof.Dr | |
| 245 | 1 | 0 | |a Islam : |b the practical religion |c Prof.Dr.Ala'eddinKharofa |
| 260 | |a Kuala Lumpur : |b A.S.Noordeen , |c 1992 | ||
| 300 | |a 242 p. ; |c 22 cm. | ||
| 650 | 0 | 0 | |a Islam and reason |
| 999 | |a 033383 |b BUKU |c PINJAMAN |e PERPUSTAKAAN KOMUNITI PETALING JAYA | ||